000 01395namaa22003491i 4500
003 EG-GICUC
005 20260106124840.0
008 260106m1990199uua ||||jr|||| 000 0 ara d
017 _a1990 / 5108
_bدار الكتب والوثائق القومية (مصر)
020 _a9742160005
040 _aEG-GiCUC
_bara
_cEG-GiCUC
_dEG-GiCUC
_erda
043 _af-au---
082 0 4 _221
_a415.1
_bM2512n
092 0 4 _221
_a415.1
_bM2512n
099 _a415.1 M2512n
100 1 _aعيد، محمد
_eمؤلف.
245 1 0 _aنحو الألفية :
_bشرح معاصر وأصيل لألفية ابن مالك /
_cالدكتور محمد عيد
264 _aالقاهرة (مصر) :
_bمكتبة الشباب،
_c1990.
300 _aمجلدات :
_c24 سم
336 _2rdacontent
_atext
337 _2rdamedia
_aUnmediated
338 _2rdacarrier
_avolume
500 _aالمكتبة تقتنى المجلد الاول فقط.
504 _aيشتمل على ارجاعات ببليوجرافية.
505 _aالمجلد الاول . من بداية الألفية الى نهاية باب التمييز
541 _aد. جابر عصفور؛
_bالقاهرة ؛
_cإهداء ؛
_d2024.
600 _aابن مالك، محمد بن عبد الله
650 1 7 _aاللغة العربية
_xالنحو
_2qrmak
651 1 _2qrmak
905 _aNermeen
942 _2ddc
_cBK
_e21
_n0
999 _c177456
_d177456